• 首页
  • 本馆介绍
  • 公告通知
  • 最新文献
  • 馆藏检索
  • 电子资源
  • 读者导购
  • 参考咨询
  • 我的图书馆
  • 登录
  • 详细信息显示
  • 放入我的书架
  • 预约/预借图书
  • 作者相关作品
  • 分类相关作品
  • 丛书相关作品
  • 出版社相关作品

书目信息

  • 表格格式
  • 工作单格式
  • 卡片格式
题名:
脉冲电路
    
 
作者: 菅谷光雄 , 中村征寿 著
分册:  
出版信息: 北京   科学出版社  1997.12
页数: 221页
开本: 32开
丛书名: OHM科学丛书
单 册:
中图分类: TN78
科图分类:
主题词: 脉冲技术 , 脉冲电路
电子资源:
ISBN: 7-03-006214-0
000 00699nam0 2200241 45
001 0012041510
005 20031219104047.9
010    @a7-03-006214-0@dCNY14.00
100    @a20001204d1997 km y0chiy0120 ea
101 0  @achi
105    @a z 000yy
200 1  @a脉冲电路@AMai Chong Dian Lu@f菅谷光雄,中村征寿著@FJian Gu Guang Xiong,Zhong Cun Zheng Shou Zhu
210    @a北京@c科学出版社@d1997.12
215    @a221页@c插图@d32开
225    @aOHM科学丛书@i图解电子电路系列@v4
410    @12001 @aOHM科学丛书
606 0  @a脉冲技术
606 0  @a脉冲电路
690    @aTN78@v1
701  0 @a菅谷光雄@4著
701  0 @a中村征寿@4著
801    @aCN@bTSTC@c20001204
905    @b293623-627@dTN78@e18@f5
    
    脉冲电路/菅谷光雄,中村征寿著.-北京:科学出版社,1997.12
    221页:插图;32开.-(OHM科学丛书.图解电子电路系列;4)
    
    
    ISBN 7-03-006214-0:CNY14.00
    
●
相关链接 在E读中查询图书 在五车中查询图书 在当当中查询图书 在豆瓣中查询图书


正题名:脉冲电路     索取号:TN78/18         预约/预借

序号 登录号 条形码 馆藏地/架位号 状态 备注
1 0293623   002936238   第三借阅区/ [索取号:TN78/18] 在馆    
2 0293624   002936247   第三借阅区/ [索取号:TN78/18] 在馆    
3 0293625   002936256   第三借阅区/ [索取号:TN78/18] 在馆    
4 0293626   002936265   第三借阅区/ [索取号:TN78/18] 在馆    
5 0293627   002936274   第二样本阅览室/ [索取号:TN78/18] 在馆    
唐山师范学院图书馆 欢迎您!
大连网信软件有限公司© 版权所有